书目信息 |
| 题名: |
新技术革命对世界的影响
|
|
| 作者: | 姚琮 著 | |
| 分册: | ||
| 出版信息: | 北京 科学普及出版社 1984 |
|
| 页数: | 98页 | |
| 开本: | 19cm | |
| 丛书名: | 现代化信息丛书 | |
| 单 册: | ||
| 中图分类: | G321 , G303 | |
| 科图分类: | ||
| 主题词: | 新技术革命-影响-科学研究事业--世界 , 科学研究事业-影响-新技术革命--世界 , 科学研究--理论 | |
| 电子资源: | ||
| ISBN: | ||
| 000 | 00836nam2 2200301 45 | |
| 001 | 0184004854 | |
| 005 | 20040505163027.0 | |
| 010 | @dCNY0.55 | |
| 091 | @a17051.1039 | |
| 100 | @a19950614d1984 em y0chiy0121 ea | |
| 101 | 0 | @achi |
| 102 | @aCN@b110000 | |
| 105 | @ay z 000yy | |
| 106 | @ar | |
| 200 | 10 | @a新技术革命对世界的影响@Axin ji shu ge ming dui shi jie de ying xiang@f姚琮著 |
| 210 | @a北京@c科学普及出版社@d1984 | |
| 215 | @a98页@d19cm | |
| 225 | 2 | @a现代化信息丛书 |
| 410 | 0 | @120010@a现代化信息丛书 |
| 606 | @a新技术革命-影响-科学研究事业@y世界 | |
| 606 | @a科学研究事业-影响-新技术革命@y世界 | |
| 606 | 0 | @a科学研究@x理论 |
| 690 | @aG321@v3 | |
| 690 | @aG303 | |
| 701 | 0 | @a姚琮@Ayao cong@4著 |
| 801 | 0 | @aCN@b上海图书馆@c20040505 |
| 801 | 2 | @aCN@bNLC@c20040505 |
| 905 | @f4@b124086-089@dG303@e9 | |
| 新技术革命对世界的影响/姚琮著.-北京:科学普及出版社,1984 |
| 98页;19cm.-(现代化信息丛书) |
| ISBN :CNY0.55 |
| ● |
| 相关链接 |
|
|
|
|
正题名:新技术革命对世界的影响
索取号:G303/9
 
预约/预借
| 序号 | 登录号 | 条形码 | 馆藏地/架位号 | 状态 | 备注 |
| 1 | 0124086 | 000989256 | 密集书库/ [索取号:G303/9] | 在馆 | |
| 2 | 0124087 | 000989265 | 密集书库/ [索取号:G303/9] | 在馆 | |
| 3 | 0124088 | 000989283 | 密集书库/ [索取号:G303/9] | 在馆 | |
| 4 | 0124089 | 000989274 | 密集书库/ [索取号:G303/9] | 在馆 | |
| 5 | 0124090 | 002059364 | 第一样本阅览室/ [索取号:G303/9] | 在馆 |